Flags of Former Countries - Statistics

General Stats
  • This quiz has been taken 229 times
  • The average score is 11 of 22
Answer Stats
Picture Answer % Correct
USSR
99%
Yugoslavia
83%
Czechoslovakia
82%
Hawaii
58%
Japanese Empire
58%
Tibet
57%
South Vietnam
56%
East Germany
54%
Ottoman Empire
54%
British Empire
51%
Rhodesia
50%
Prussia
48%
Qing Dynasty
43%
Gran Colombia
40%
Korean Empire
39%
Brazilian Empire
38%
Ethiopian Empire
35%
Confederate States of America
33%
Portuguese Empire
33%
Kingdom of France
31%
Orange Free State
28%
Republic of China
27%
No matching quizzes found
Score Distribution
Percent of People with Each Score
Percentile by Number Answered
Your Score History
You have not taken this quiz